Statistics for Countries that don't recognize dual citizenship

Click here to take the quiz!

General Stats

  • This quiz has been taken 62 times
  • The average score is 25 of 50

Answer Stats

Country% Correct
China
88%
North Korea
88%
Iran
84%
India
82%
Indonesia
82%
Saudi Arabia
82%
Oman
80%
Japan
76%
Nepal
73%
Qatar
73%
Thailand
71%
United Arab Emirates
71%
Uzbekistan
71%
Vietnam
71%
Yemen
71%
Kazakhstan
69%
Kuwait
69%
Malaysia
69%
Bahrain
67%
Tajikistan
67%
Bhutan
65%
Laos
63%
Myanmar
63%
Turkmenistan
63%
Azerbaijan
61%
Kyrgyzstan
61%
Mongolia
59%
Singapore
57%
Belarus
49%
Papua New Guinea
47%
Ukraine
45%
Cuba
43%
Venezuela
33%
Haiti
27%
Zimbabwe
25%
Tonga
24%
Andorra
20%
Monaco
20%
Solomon Islands
20%
Micronesia
18%
Republic of the Congo
18%
San Marino
18%
Ethiopia
16%
Bahamas
14%
Djibouti
14%
Eswatini
14%
Marshall Islands
14%
Mozambique
14%
Botswana
12%
Slovakia
6%

Score Distribution

Percentile by Number Answered

Percent of People with Each Score

Your Score History

You have not taken this quiz